• 首页
  • 本馆介绍
  • 公告通知
  • 最新文献
  • 馆藏检索
  • 电子资源
  • 读者导购
  • 参考咨询
  • 我的图书馆
  • 登录
  • 详细信息显示
  • 放入我的书架
  • 预约/预借图书
  • 作者相关作品
  • 分类相关作品
  • 丛书相关作品
  • 出版社相关作品

书目信息

  • 表格格式
  • 工作单格式
  • 卡片格式
题名:
往古来今巧安排
    
 
作者: 张敏 , 崔振华 编著
分册:  
出版信息: 太原   山西人民出版社  1981
页数: 176页
开本: 19cm
丛书名:
单 册:
中图分类: P19
科图分类:
主题词: 时间--知识 , 历法--知识
电子资源:
ISBN:
000 00681nam0 2200253 45
001 0181005139
005 20060812085403.29
010    @dCNY0.56
091    @a13088.29
100    @a19950407d1981 em y0chiy0121 ea
101 0  @achi
102    @aCN@b140000
105    @ay z 000yy
200 10 @a往古来今巧安排@Awang gu lai jin qiao an pai@e时间与历法知识@f张敏,崔振华编著
210    @a太原@c山西人民出版社@d1981
215    @a176页@d19cm
606    @a时间@x知识
606    @a历法@x知识
690    @aP19@v3
701  0 @a张敏@Azhang min@4编著
701  0 @a崔振华@Acui zhen hua@4编著
801  0 @aCN@bTSSF@c20060812
801  2 @aCN@bNLC@c20060804
905    @a10447@dP19@e104
    
    往古来今巧安排:时间与历法知识/张敏,崔振华编著.-太原:山西人民出版社,1981
    176页;19cm
    
    
    ISBN :CNY0.56
    
●
相关链接 在E读中查询图书 在五车中查询图书 在当当中查询图书 在豆瓣中查询图书


正题名:往古来今巧安排     索取号:P19/104         预约/预借

序号 登录号 条形码 馆藏地/架位号 状态 备注
1 0439711   204397116   密集书库/ [索取号:P19/104] 在馆    
2 0452321   204523211   密集书库/ [索取号:P19/104] 在馆    
唐山师范学院图书馆 欢迎您!
大连网信软件有限公司© 版权所有